Statistics for Countries with stage wins in the Tour de France

Click here to take the quiz!

General Stats

  • This quiz has been taken 407 times
    (85 since last reset)
  • The average score is 26 of 33

Answer Stats

#Country% Correct
712France
100%
491Belgium
99%
271Italy
99%
77United Kingdom
99%
131Spain
97%
19United States
97%
182Netherlands
96%
11Russia
93%
90Germany
92%
28Denmark
89%
19Norway
88%
3Canada
87%
1Sweden
87%
61Switzerland
87%
71Luxembourg
84%
7Poland
84%
12Portugal
84%
6Austria
83%
17Slovenia
83%
39Australia
81%
22Colombia
81%
14Ireland
81%
13Slovakia
80%
2Mexico
77%
4Ukraine
67%
3Czech Republic
65%
2South Africa
64%
1Brazil
63%
1Lithuania
59%
4Estonia
57%
2Latvia
57%
6Kazakhstan
48%
9Uzbekistan
32%

Score Distribution

Percentile by Number Answered

Percent of People with Each Score

Your Score History

You have not taken this quiz since the last reset